01347cam a22003377a 4500003000500000005001700005008004100022010001000063011001000073035001000083040000900093090001000102100004400112245016700156260004000323300001000363502008700373590003700460590004100497590004100538590004100579590004200620650004400662790006600706901000700772942001000779949004200789949003400831999001700865952012700882CHAP20220329141523.0971013s1986 r 00010 d a69487 a70459 a79940 cCHAP aTesis00aPérez Ochoa, Salvador Eulalio.98989410aDificultades para ampliar la frontera y crédito agrícolas en el noroeste del estado de Chihuahua, estudio de caso Ejido Guerrero, Mpio. de Guerrero, Chihuahua aChihuahua, Chih. :bEl autor,c1986 a52 h. aTesis (Ing. Agrónomo Esp. en Zonas Aridas) -- UACH. Departamento de Zonas Aridas aALEPHb10c20130110lUCH01h1408 aBATCH-UPDb10c20130110lUCH01h0656 aBATCH-UPDb10c20130410lUCH01h0341 aBATCH-UPDb10c20130914lUCH01h1100 aCONVERSIONb10c20130109lUCH01h133814aCrédito agrícolaxChihuahua.929040 aOperatividad del crédito agrícola del estado de Chihuahua aBK cTESIS bBCcTESd-32831eTS1h22050i79940si bZAcTESd-5305eTS1i79940si c69487d69487 00102local4051708TESISaBCbBCcPA_TESISd2019-12-31fTESISl0oTesisp-32831r2019-12-31 00:00:00w2019-12-31yTESIS